000 00550nam a22001937a 4500
003 OSt
005 20140310181757.0
008 130702t xxu||||| |||| 00| 0 eng d
020 _a0895771527
050 _aAY 64
_b.R286 1983
082 _aREF 030
_bR22 1983
245 _aReaders Digests :
_b1983 Almanac and yearbook /
_cDavid C. Whitney, editor.
260 _aPleasantvlle, New York :
_bThe readers digest Asso,
_cc1983.
300 _a1024 p.
_bill. ;
_c21 cm.
521 _a
541 _j1
562 _e1
942 _2lcc
_cBK-GR
_kREF
999 _c3518
_d3518